000 00518nam a2200217Ia 4500
003 OSt
005 20221005122748.0
006 a|||||r|||| 00| 0
007 ta
008 221004b |||||||| |||| 00| 0 san d
024 _a65004
037 _cTextual
040 _aCRL
_cCRL
_bsan
041 _2san
_asan
082 _aB9, 15C9
100 _aBrahmadeva Au.
_9632560
245 0 _aKaranaprakasa
260 _c1899
942 _hB9, 15C9
_cTEXL
_2cc
999 _c1045287
_d1045287